Datum a čas kvízu
32.5
Celkem bodů
Celkový počet nahraných bodů na tomto kvízu bez doplňovacích otázek.
3.
Pořadí na kvízu
Konečné umístění týmu na tomto kvízu.
Zaznamenané odpovědi
| # | Otázka | Odpověď | Body | Výsledky |
|---|---|---|---|---|
| 1. | Kardiochirurgické centrum Faku... | spalničky | 1 | |
| 4. | Vedení jisté evropské metropol... | Amsterdam | 0 | |
| 3. | Jak se jmenuje muž, který byl... | Milan Rastislav Štefánik | 1 | |
| 4. | Autobusový dopravce Flixbus po... | Eurolines | 1 | |
| 5. | Jeden český hokejový klub naps... | HC Sparta Praha | 1 | |
| 6. | Jelikož minulý týden uplynulo... | Polsko | 1 | |
| 7. | V celkem kolika státech EU (vč... | v sedmi státech | 1 | |
| 8. | Která ze členských zemí EU má... | Švédsko | 1 | |
| 9. | Které tři státy EU mají nejmen... | Kypr, Lucembursko, Malta | 1 | |
| 10. | V roce 1986 rozšířily Evropská... | Španělsko a Portugalsko | 0 |